000
00337 a2200157 4500
001
164892
020
_a
040
_c
Magnum
100
_a
Piletti, Nelson
240
1
0
_a
Historia da educacao no brasil
_l
por
245
1
0
_a
Historia da educacao no brasil
362
0
_a
1899
440
1
_a
Ática
697
_a
PEDAGOGIA
942
_c
BK
999
_c
164892
_d
164892